| 000 | 00771nam a22002297a 4500 | ||
|---|---|---|---|
| 999 |
_c3918 _d3918 |
||
| 003 | AR-CdUCM | ||
| 008 | 190307b ||||| |||| 00| 0 spa d | ||
| 040 |
_aMUNICIPALIDAD PROVINCIAL DEL CUSCO _cBIBLIOTECA MUNICIPAL DEL CUSCO |
||
| 082 |
_a869.983 / _bD68 |
||
| 100 |
_aDiaz Valcarcel, Emilio _912550 |
||
| 245 | _aEl hombre que trabajó el lunes / | ||
| 260 |
_aMéxico, D. F : _bEra alacena, _c1966. |
||
| 300 |
_a143 paginas ; _c20 cm. |
||
| 505 | _aEl hombre que trabajó el lunes -- La culpa -- Maria -- El alcalde -- Sol negro. | ||
| 650 |
_aLiteratura puertoriqueña _912551 |
||
| 650 |
_aCuentos _9217 |
||
| 650 |
_aNovelas cortas _910614 |
||
| 650 |
_aCompromiso social _912552 |
||
| 650 |
_aNarrativa Barroca _912553 |
||
| 942 |
_2ddc _cLIBROS |
||
| 945 | _aacv | ||